[Event "Barcelona Sants op 17th"]
[Site "Barcelona"]
[Date "2015.08.30"]
[Round "10"]
[White "Pile, Richard"]
[Black "Ciornei, Dragos"]
[Result "1/2-1/2"]
[WhiteElo "2419"]
[BlackElo "2136"]
[PlyCount "81"]
[EventDate "2015.08.21"]
[EventType "swiss"]
[EventRounds "10"]
[EventCountry "ESP"]
[SourceTitle "EXT 2016"]
[Source "ChessBase"]
[SourceDate "2015.10.08"]
[SourceVersion "1"]
[SourceVersionDate "2015.10.08"]
[SourceQuality "1"]

1. Nf3 Nf6 2. d4 g6 3. g3 Bg7 4. Bg2 0-0 5. 0-0 d6 6. a4 a5 7. Bf4 c6 8. Qc1 Re8 9. Bh6 Qc7 10. Bxg7 Kxg7 11. Re1 e5 12. e4 Bg4 13. Nbd2 Bxf3 14. Nxf3 Nbd7 15. c3 c5 16. d5 c4 17. Nd2 Nb6 18. Qc2 Nfd7 19. Bh3 Nc5 20. Bf1 Ncd7 21. Reb1 Rec8 22. Bh3 Ra7 23. Ra3 Re8 24. Bf1 Qc5 25. b4 cxb3 26. Raxb3 Rc8 27. Rb5 Qc7 28. Qb3 Ra6 29. Qa3 Nc5 30. R5b2 Nbxa4 31. Rb5 Rb6 32. Nc4 Rxb5 33. Rxb5 Ra8 34. f3 Ra6 35. Be2 h5 36. Bd1 Nb6 37. Nxd6 Qxd6 38. Qxc5 Qf6 39. Rb1 a4 40. Be2 Nd7 41. Qa3 1/2-1/2

[Event "Barcelona Sants op 17th"]
[Site "Barcelona"]
[Date "2015.08.29"]
[Round "9"]
[White "Capellades Subirana, Marc"]
[Black "Pile, Richard"]
[Result "1/2-1/2"]
[WhiteElo "2199"]
[BlackElo "2419"]
[PlyCount "129"]
[EventDate "2015.08.21"]
[EventType "swiss"]
[EventRounds "10"]
[EventCountry "ESP"]
[SourceTitle "EXT 2016"]
[Source "ChessBase"]
[SourceDate "2015.10.08"]
[SourceVersion "1"]
[SourceVersionDate "2015.10.08"]
[SourceQuality "1"]

1. e4 c5 2. Nf3 e6 3. d4 cxd4 4. Nxd4 Nc6 5. Nc3 Qc7 6. Nxc6 bxc6 7. Bd3 Nf6 8. Qe2 d5 9. 0-0 Be7 10. e5 Nd7 11. Re1 Nc5 12. Qg4 Kf8 13. Bf1 Rb8 14. a3 a5 15. b3 h5 16. Qf3 Nd7 17. h3 Nxe5 18. Rxe5 Qxe5 19. Bf4 Qf6 20. Bxb8 Qxf3 21. gxf3 Bf6 22. Bd6+ Ke8 23. b4 Bxc3 24. Rd1 Kd7 25. Bc5 axb4 26. axb4 Bb7 27. Rd3 Be5 28. Ra3 Ra8 29. Rxa8 Bxa8 30. Be2 Bb7 31. f4 Bxf4 32. Bxh5 g6 33. Be2 Kc7 34. h4 Bh6 35. h5 g5 36. Kg2 f5 37. Bd4 Kd6 38. Bc5+ Kd7 39. Bd4 Kd6 40. Bc5+ Ke5 41. Be7 Bc8 42. c3 Bd7 43. f3 Be8 44. Kf2 f4 45. Bd3 Bxh5 46. Bc2 g4 47. fxg4 Bxg4 48. Ba4 Ke4 49. Bc2+ Ke5 50. Ba4 f3 51. Bxc6 Ke4 52. Bc5 Bd2 53. c4 Bg5 54. cxd5 Bh4+ 55. Kg1 exd5 56. Bf2 Bxf2+ 57. Kxf2 Kd4 58. b5 Kc5 59. Kg3 Bh5 60. Kf2 d4 61. Bxf3 Bxf3 62. Kxf3 d3 63. b6 d2 64. Ke2 Kxb6 65. Kxd2 1/2-1/2

[Event "Barcelona Sants op 17th"]
[Site "Barcelona"]
[Date "2015.08.28"]
[Round "8"]
[White "Pile, Richard"]
[Black "Serra Pages, Jordi"]
[Result "0-1"]
[WhiteElo "2419"]
[BlackElo "2235"]
[PlyCount "98"]
[EventDate "2015.08.21"]
[EventType "swiss"]
[EventRounds "10"]
[EventCountry "ESP"]
[SourceTitle "EXT 2016"]
[Source "ChessBase"]
[SourceDate "2015.10.08"]
[SourceVersion "1"]
[SourceVersionDate "2015.10.08"]
[SourceQuality "1"]

1. e4 e5 2. Nf3 Nc6 3. Bb5 a6 4. Ba4 Nf6 5. d3 d6 6. Bxc6+ bxc6 7. 0-0 c5 8. Ne1 Be7 9. Nc3 Rb8 10. b3 Be6 11. f4 exf4 12. Bxf4 0-0 13. Nf3 Nh5 14. Be3 Nf6 15. Qe2 Ng4 16. Bd2 Bf6 17. Rae1 g6 18. Nd1 Ne5 19. Bh6 Nxf3+ 20. Qxf3 Bd4+ 21. Ne3 Re8 22. Qg3 Bg7 23. Bxg7 Kxg7 24. e5 Rb4 25. c3 Rb6 26. Qf4 Qd7 27. exd6 cxd6 28. d4 f5 29. d5 Bf7 30. Nc4 Rbb8 31. Nxd6 Rxe1 32. Rxe1 Rd8 33. Qe5+ Kg8 34. Nxf7 Kxf7 35. c4 Re8 36. Qxe8+ Qxe8 37. Rxe8 Kxe8 38. h4 h6 39. Kf2 g5 40. hxg5 hxg5 41. Ke3 a5 42. Kd3 Ke7 43. a3 Kd7 44. Kc3 Kc7 45. b4 cxb4+ 46. axb4 a4 47. b5 a3 48. c5 f4 49. d6+ Kd7 0-1

[Event "Barcelona Sants op 17th"]
[Site "Barcelona"]
[Date "2015.08.25"]
[Round "5"]
[White "Boruchovsky, Avital"]
[Black "Pile, Richard"]
[Result "1-0"]
[WhiteElo "2540"]
[BlackElo "2419"]
[PlyCount "95"]
[EventDate "2015.08.21"]
[EventType "swiss"]
[EventRounds "10"]
[EventCountry "ESP"]
[SourceTitle "EXT 2017"]
[Source "ChessBase"]
[SourceDate "2016.10.25"]
[SourceVersion "1"]
[SourceVersionDate "2016.10.25"]
[SourceQuality "1"]

1. d4 Nf6 2. c4 e6 3. g3 Bb4+ 4. Bd2 a5 5. Bg2 d6 6. Nf3 Nbd7 7. 0-0 e5 8. e3 Bxd2 9. Qxd2 0-0 10. Nc3 Re8 11. Rad1 exd4 12. Nxd4 h5 13. Nde2 Nc5 14. Nf4 h4 15. Ncd5 Nfd7 16. b3 Ne5 17. e4 Bd7 18. Qc3 Bg4 19. f3 Bd7 20. Nh5 hxg3 21. hxg3 c6 22. Ndf6+ gxf6 23. Qe3 Re6 24. Bh3 Qf8 25. Kg2 Rae8 26. Rh1 f5 27. Bxf5 Rg6 28. Qf4 Ne6 29. Qh4 Qe7 30. Bxg6 Qxh4 31. gxh4 fxg6 32. Nf6+ Kf7 33. Nxe8 Bxe8 34. Rxd6 Ke7 35. Rd2 c5 36. Rhd1 Nc6 37. Kf2 Ncd4 38. Ke3 Kf6 39. f4 Bc6 40. Rg1 b6 41. Rg3 Bb7 42. Rdg2 Nf8 43. h5 gxh5 44. Rg8 Nd7 45. e5+ Kf5 46. R2g5+ Ke6 47. R5g6+ Ke7 48. R6g7+ 1-0

[Event "Barcelona Sants op 17th"]
[Site "Barcelona"]
[Date "2015.08.22"]
[Round "2"]
[White "Pile, Richard"]
[Black "Locatelli, Andrea"]
[Result "1/2-1/2"]
[WhiteElo "2419"]
[BlackElo "2171"]
[PlyCount "79"]
[EventDate "2015.08.21"]
[EventType "swiss"]
[EventRounds "10"]
[EventCountry "ESP"]
[SourceTitle "EXT 2016"]
[Source "ChessBase"]
[SourceDate "2015.10.08"]
[SourceVersion "1"]
[SourceVersionDate "2015.10.08"]
[SourceQuality "1"]

1. e4 c5 2. Nf3 e6 3. d4 cxd4 4. Nxd4 a6 5. Bd3 Ne7 6. Nc3 Nbc6 7. Be3 Nxd4 8. Bxd4 Nc6 9. Be3 Be7 10. 0-0 0-0 11. Na4 d6 12. Nb6 Rb8 13. Qd2 Ne5 14. Be2 Qc7 15. Rfd1 Rd8 16. a4 Qc6 17. f3 Nd7 18. a5 Nxb6 19. Bxb6 Rf8 20. c4 f5 21. c5 dxc5 22. e5 c4 23. Qd4 Rd8 24. Qxc4 Rxd1+ 25. Rxd1 Bd7 26. Qd4 Be8 27. f4 Rd8 28. Qe3 Rxd1+ 29. Bxd1 Qb5 30. Bb3 Qc6 31. Qc3 Kf7 32. Qxc6 Bxc6 33. Kf2 Bb4 34. g3 Ke7 35. Ke3 Be1 36. Bd1 Kd7 37. g4 g6 38. Ke2 Bb4 39. gxf5 gxf5 40. Ke3 1/2-1/2

[Event "FRA-chT Top 12"]
[Site "Montpellier"]
[Date "2015.06.07"]
[Round "9.6"]
[White "Pile, Richard"]
[Black "Lagarde, Maxime"]
[Result "0-1"]
[WhiteElo "2430"]
[BlackElo "2565"]
[PlyCount "62"]
[EventDate "2015.05.30"]
[EventType "team-tourn"]
[EventRounds "11"]
[EventCountry "FRA"]
[SourceTitle "CBM 166 Extra"]
[Source "ChessBase"]
[SourceDate "2015.06.18"]
[SourceVersion "1"]
[SourceVersionDate "2015.06.18"]
[SourceQuality "1"]
[WhiteTeam "Grasse Echecs"]
[BlackTeam "Clichy Echecs 92"]
[WhiteTeamCountry "FRA"]
[BlackTeamCountry "FRA"]

1. d4 Nf6 2. Nf3 g6 3. g3 Bg7 4. Bg2 0-0 5. 0-0 d6 6. Nc3 Nc6 7. d5 Nb8 8. h3 c6 9. e4 cxd5 10. exd5 Bd7 11. Nd4 Na6 12. Re1 Re8 13. Be3 Nc5 14. Kh2 Rc8 15. a4 a5 16. Qe2 Na6 17. Ndb5 Nb4 18. Rec1 h5 19. Qd2 Bf5 20. Nd4 Qd7 21. Ra3 Rc4 22. Qe2 Rec8 23. Nc6 bxc6 24. Qxc4 cxd5 25. Qb5 e5 26. Qxa5 Nc6 27. Qb5 d4 28. Bg5 dxc3 29. Rxc3 Ne4 30. Bxe4 Bxe4 31. f3 Rb8 0-1

[Event "FRA-chT Top 12"]
[Site "Montpellier"]
[Date "2015.06.06"]
[Round "8.6"]
[White "Libiszewski, Fabien"]
[Black "Pile, Richard"]
[Result "1-0"]
[WhiteElo "2531"]
[BlackElo "2430"]
[PlyCount "51"]
[EventDate "2015.05.30"]
[EventType "team-tourn"]
[EventRounds "11"]
[EventCountry "FRA"]
[SourceTitle "CBM 166 Extra"]
[Source "ChessBase"]
[SourceDate "2015.06.18"]
[SourceVersion "1"]
[SourceVersionDate "2015.06.18"]
[SourceQuality "1"]
[WhiteTeam "Montpellier"]
[BlackTeam "Grasse Echecs"]
[WhiteTeamCountry "FRA"]
[BlackTeamCountry "FRA"]

1. e4 c5 2. Nf3 e6 3. d4 cxd4 4. Nxd4 Nc6 5. Nc3 Qc7 6. Be3 a6 7. Qf3 Nf6 8. 0-0-0 Nxd4 9. Bxd4 e5 10. Be3 d6 11. h3 Be6 12. g4 Be7 13. g5 Nd7 14. h4 Rc8 15. Kb1 Qa5 16. Nd5 Bxd5 17. exd5 Nb6 18. h5 Rc7 19. Rh4 Nd7 20. Bd2 Qb6 21. Rb4 Qa7 22. g6 0-0 23. Be3 Qa8 24. Bh3 fxg6 25. Be6+ Kh8 26. Qh3 1-0

[Event "FRA-chT Top 12"]
[Site "Montpellier"]
[Date "2015.05.30"]
[Round "1.6"]
[White "Pile, Richard"]
[Black "Nezar, Mustapha"]
[Result "1/2-1/2"]
[WhiteElo "2430"]
[BlackElo "2382"]
[PlyCount "149"]
[EventDate "2015.05.30"]
[EventType "team-tourn"]
[EventRounds "11"]
[EventCountry "FRA"]
[SourceTitle "CBM 166 Extra"]
[Source "ChessBase"]
[SourceDate "2015.06.18"]
[SourceVersion "1"]
[SourceVersionDate "2015.06.18"]
[SourceQuality "1"]
[WhiteTeam "Grasse Echecs"]
[BlackTeam "Vandoeuvre"]
[WhiteTeamCountry "FRA"]
[BlackTeamCountry "FRA"]

1. Nf3 c5 2. c4 g6 3. Nc3 Bg7 4. g3 Nc6 5. Bg2 e6 6. 0-0 Nge7 7. d3 0-0 8. Bf4 d6 9. Rb1 a6 10. a3 Rb8 11. Qc1 b5 12. cxb5 axb5 13. b4 e5 14. Bh6 cxb4 15. axb4 Bg4 16. Bxg7 Kxg7 17. Qb2 Qd7 18. Rfc1 f6 19. Nd2 Rfc8 20. Nde4 Nd4 21. Kh1 f5 22. Ng5 h6 23. Nf3 Bxf3 24. exf3 Rc7 25. f4 Rbc8 26. Qd2 Qe6 27. Ne2 Rxc1+ 28. Rxc1 Nxe2 29. Rxc8 Qxc8 30. Qxe2 Qc1+ 31. Bf1 Nc6 32. Kg1 Nd4 33. Qe3 Qxe3 34. fxe3 Nc2 35. Kf2 Nxb4 36. fxe5 dxe5 37. d4 exd4 38. exd4 Nc2 39. Bxb5 Nxd4 40. Be8 g5 41. Ke3 Ne6 42. Bd7 Kf6 43. h3 Nc5 44. Bb5 Ke5 45. Be2 Ne4 46. Kf3 Kd4 47. Bb5 Nd2+ 48. Ke2 Nb3 49. Bd7 Ke4 50. Bc6+ Ke5 51. Ke3 Nd4 52. Bb7 Nc2+ 53. Kd2 Nb4 54. Ke3 Nd5+ 55. Kf3 Nf6 56. Bc8 h5 57. Ke3 h4 58. gxh4 gxh4 59. Ba6 Ne4 60. Bd3 Ng5 61. Bf1 f4+ 62. Kd3 Kf5 63. Kd4 Nf3+ 64. Kd5 Nd2 65. Bd3+ Kf6 66. Kd4 Kg5 67. Be2 Nb3+ 68. Ke4 Nc5+ 69. Ke5 Nd7+ 70. Ke6 Nc5+ 71. Ke5 Nb3 72. Ke4 Nd2+ 73. Kd3 f3 74. Kxd2 fxe2 75. Kxe2 1/2-1/2

[Event "Cannes op 26th"]
[Site "Cannes"]
[Date "2014.07.12"]
[Round "8"]
[White "Pile, Richard"]
[Black "Apicella, Manuel"]
[Result "1/2-1/2"]
[WhiteElo "2414"]
[BlackElo "2522"]
[PlyCount "53"]
[EventDate "2014.07.07"]
[EventType "swiss"]
[EventRounds "9"]
[EventCountry "FRA"]
[SourceTitle "EXT 2015"]
[Source "ChessBase"]
[SourceDate "2014.11.20"]
[SourceVersion "1"]
[SourceVersionDate "2014.11.20"]
[SourceQuality "1"]

1. c4 e5 2. Nc3 Nf6 3. g3 c6 4. Nf3 e4 5. Nd4 d5 6. cxd5 Qb6 7. Nb3 a5 8. d4 cxd5 9. Bg2 Be7 10. 0-0 0-0 11. Bg5 Nbd7 12. Rc1 h6 13. Be3 a4 14. Nc5 a3 15. N5a4 Qa5 16. bxa3 Nb6 17. Nxb6 Qxb6 18. a4 Bd7 19. Qb3 Qa5 20. Bd2 Bb4 21. a3 Bxc3 22. Bxc3 Qxa4 23. Qxa4 Bxa4 24. Bb4 Rfc8 25. e3 Bb5 26. Rfe1 Rxc1 27. Rxc1 1/2-1/2